1335 1984 1613 1020 1874 1952 1921 1731 1794 1545 1167 1811 1880 1700 1226 1800 1208 1959 1180 1534 1292 1836 1197 1120 1608 1857 1208 1609 1867 1848 1096 1655 1431 1125 1591 1665 1144 1096 1067 1333 1882 1451 1857 1178 1367 1817 1673 1769 1083 1716 1552 1558 1881 1038 1871 1624 1562 1843 1134 1142 1046 1966 1430 1824 1627 1188 1920 1876 1401 1749 1286 1024 1447 1266 1889 1083 1368 1655 1783 1311 1017 1589 1246 1738 1379 1920 1859 1513 1813 1888 1188 1637 1019 1353 1771 1211 1164 1726 1265 BCNSPRNW ULIB Ver.6.0+V

เปลี่ยนเป็นภาษาไทย

Change to English
 แสดงรายละเอียดบรรณานุกรม
  กลับหน้าหลัก

Brief Record : Get Marc (ISO 2709) : E-mail record : QR code < ปิดหน้าต่าง
LEADER : 00000nam 2200000uu 4500
001    13399113231
003     ULIB
008    111003s2548||||th 000 0 tha d
020    9749940113
020    9789749940112
050  4 QD33^bป341ค ล.1 2548
100    ประภาณี เกษมศรี ณ อยุธยา
245 00 เคมีทั่วไป เล่ม 1 /^cภาควิชาเคมี คณะวิทยาศาสตร์ จุฬาลงกรณ์มหาวิทยาลัย; ผู้เรียบเรียง, ประภาณี เกษมศรี ณ อยุธยา ... [และคนอื่น ๆ]
250    พิมพ์ครั้งที่ 9
260    กรุงเทพฯ :^bภาควิชาเคมี จุฬาลงกรณ์มหาวิทยาลัย,^c2548
300    380 หน้า :^bภาพประกอบ,^c26 ซม.
536 ได ้รับรางวัลตามโครงการส่งเสริมการแต่งและแปลตำราของจุฬาลงกรณ์มหาวิทยาลัย
650  4 เคมี
710 2  จุฬาลงกรณ์มหาวิทยาลัย. ^bคณะวิทยาศาสตร์. ^bภาควิชาเคมี
945    ^p180^l0^i021065
945    ^p180^l0^i021066
945    ^p180^l0^i021067
995    ทศพร
999 ^a ทศพร
รายการนี้ยังไม่มีแท็ก
คุณยังไม่ได้ล็อกอิน คุณสามารถมีกิจกรรมร่วมกับเว็บไซต์ได้ แต่ต้องล็อกอินก่อน ::
  ล็อกอิน

รายการสื่อสารสนเทศ

ลำดับที่ ประเภท เลขเรียก/บาร์โค้ด สถานที่ สถานะ
- ไม่พบข้อมูล -

รายการใกล้เคียง
    ผู้แต่ง [ประภาณี เกษมศรี ณ อยุธยา]

    หัวเรื่อง [เคมี]

BibComment


ยังไม่เคยถูกคอมเมนท์

คอมเมนท์ทรัพยากรรายการนี้
  คอมเมนท์: เคมีทั่วไป เล่ม 1..


 Copyright 2026. Bcnsprnw @Library